Central Library, Doon University
WEBOPAC (ONLINE PUBLIC ACCESS CATALOGUE)

Working Capital Management (Record no. 59988)

MARC details
000 -LEADER
fixed length control field 00438nam a22001817a 4500
005 - DATE & TIME
control field 20260410151245.0
008 - FIXED-LENGTH DATA ELEMENTS--GENERAL INFORMATION
fixed length control field 260116b |||||||| |||| 00| 0 eng d
020 ## - ISBN
International Standard Book Number 9788121943024
Price 1450.00
040 ## - CATALOGING SOURCE
Original cataloging agency Doon University
041 ## - Language
Language English
082 ## - DDC NUMBER
Classification number 658.15244
Book Number BHA
100 ## - MAIN ENTRY--PERSONAL NAME
Personal name Bhalla, V.K
245 ## - TITLE STATEMENT
Title Working Capital Management
260 ## - PUBLICATION, DISTRIBUTION, ETC. (IMPRINT)
Place of publication, distribution, etc New Delhi
Name of publisher, distributor, etc S.Chand
Date of publication, distribution, etc 2022
300 ## - PHYSICAL DESCRIPTION
Pages 900
650 ## - Subject
Subject Management
942 ## - ADDED ENTRY ELEMENTS (KOHA)
Koha item type Books
100 ## - MAIN ENTRY--PERSONAL NAME
-- 5343
952 ## - LOCATION AND ITEM INFORMATION (KOHA)
-- 2026-01-16
952 ## - LOCATION AND ITEM INFORMATION (KOHA)
-- 2026-04-10
952 ## - LOCATION AND ITEM INFORMATION (KOHA)
-- 2026-04-10
952 ## - LOCATION AND ITEM INFORMATION (KOHA)
-- 2026-04-10
Holdings
Withdrawn status Lost status Source of classification or shelving scheme Damaged status Not for loan Location (home branch) Sublocation or collection (holding branch) Date acquired Koha issues (times borrowed) Koha full call number Accession No. Koha date last seen Koha item type
          Doon University Doon University 16.01.2026   658.15244 BHA 51251 16.01.2026 Books
          Doon University Doon University 10.04.2026   658.15244 BHA 53585 10.04.2026 Books
          Doon University Doon University 10.04.2026   658.15244 BHA 53586 10.04.2026 Books
          Doon University Doon University 10.04.2026   658.15244 BHA 53587 10.04.2026 Books
Contact : +91-135-2533126 (Library),+91-135-2533105 (Admin Office) , Email : doonlibrary@gmail.com

Powered by Koha